Polskie miasta na literę "R" - Statystyki

Ogólne statystyki
  • Ten quiz został rozwiązany 1 314 razy
    1 311 od ostatniego zresetowania
  • Średni wynik to 8 z 20
Statystyki odpowiedzi
Hint Odpowiedź % Poprawnych
209 300 Radom
93%
198 500 Rzeszów
90%
137 100 Rybnik
69%
45 500 Radomsko
60%
136 400 Ruda Śląska
57%
54 700 Racibórz
47%
49 500 Rumia
43%
19 600 Rawicz
41%
25 100 Reda
39%
17 300 Rawa Mazowiecka
36%
16 100 Rypin
34%
12 600 Rabka-Zdrój
33%
10 000 Ryki
31%
15 400 Radzyń Podlaski
26%
21 500 Rydułtowy
26%
12 200 Radzymin
24%
15 800 Ropczyce
23%
16 900 Radzionków
22%
17 800 Radlin
19%
11 200 Rogoźno
14%
Nie znaleziono quizów pasujących do podanych kryteriów
Rozkład punktacji
Procent ludzi z każdym wynikiem
Percentyl według liczby udzielonych odpowiedzi
Twoja historia wyników
Nie rozwiązałeś tego quizu od ostatniego zresetowania